AH International Schools' Libraries

Money For Beginners / (Record no. 48267)

MARC details
000 -LEADER
fixed length control field 00385nam a2200121 4500
020 ## - INTERNATIONAL STANDARD BOOK NUMBER
International Standard Book Number 9781474958233
100 ## - MAIN ENTRY--PERSONAL NAME
Personal name Reynolds, Eddie,
Relator term author.
9 (RLIN) 85992
245 ## - TITLE STATEMENT
Title Money For Beginners /
Statement of responsibility, etc written by Eddie Reynolds, illustrated Marco Bonatti.
260 ## - PUBLICATION, DISTRIBUTION, ETC. (IMPRINT)
Place of publication, distribution, etc London, England :
Name of publisher, distributor, etc Usborne ;
Date of publication, distribution, etc 2019.
300 ## - PHYSICAL DESCRIPTION
Extent 128 pages.
Dimensions 17.7 x 1.7 x 24.4 cm.
490 ## - SERIES STATEMENT
Series statement For beginners
942 ## - ADDED ENTRY ELEMENTS (KOHA)
Source of classification or shelving scheme
Koha item type Book
Holdings
Withdrawn status Lost status Source of classification or shelving scheme Damaged status Not for loan Home library Current library Date acquired Total Checkouts Full call number Barcode Date last seen Date checked out Price effective from Koha item type
          Logos International School Logos International School 01/29/2025 8 J 332.4 REY 040309 04/10/2026 03/27/2026 01/29/2025 Book

For any Logos Library related questions please contact Miss Art at swongnarasuk@asianhope.org.

For any Asian Hope Library related questions please contact Miss Raza at graza@asianhope.org.

Powered by Koha